Quick Pick: Three-Word Song Titles Quiz Stats

 Plays Quiz Updated May 5, 2016

Challenge
Share
Tweet
Embed
Score 0/16 Timer 01:00
4 Plays Today
% Correct
Stop
95.7%
Stairway
95.7%
Like
95.1%
Survive
95.1%
Shake
95.1%
Born
94.2%
Fire
93.4%
Soul
93%
% Correct
Black
91.5%
You
91.2%
Rising
91.2%
Girl
90.6%
Doves
90.6%
Nation
88.9%
Religion
88%
Glass
86.6%

Today's Daily Dose

You're not logged in!

Compare scores with friends on all Sporcle quizzes.
Join for Free
OR
Log In

You Might Also Like...

Show Comments

Extras

Top Quizzes Today


Score Distribution

Your Account Isn't Verified!

In order to create a playlist on Sporcle, you need to verify the email address you used during registration. Go to your Sporcle Settings to finish the process.

Report this User

Report this user for behavior that violates our Community Guidelines.

Details: